00563nam a2200193Ia 450000500170000000800410001702000150005808200160007310000170008924500360010626000430014230000180018565000130020365000140021665000210023094200060025195200970025799900150035420240927013557.0240331s9999 xx 000 0 und d a0631194428 bEAGa801.95 aEagletoon, M 0aWorking with Feminist criticism aOxfordbBlackwell Publishers Ltdc1996 avii, 240 p ., aFeminist aPolitical aCultural Studies cL 001040708LaWERCLbWERCLcSSCd2024-03-31l0o 305.4 EAGp2696r2024-03-31w2024-03-31yL c3131d3131